| 000 | 01310nam a2200349 a 4500 | ||
|---|---|---|---|
| 001 | 000113930 | ||
| 003 | CHAP | ||
| 005 | 20220329144420.0 | ||
| 008 | 171009s2017 mx sm |||||||spa d | ||
| 010 | _a110391 | ||
| 011 | _a111363 | ||
| 040 | _cCHAP | ||
| 090 | _aTesis | ||
| 100 | 1 |
_aFlores López, Diego Enrique _9133705 |
|
| 245 | 1 | 0 |
_aDiseño e instalación de un sistema de control automático para malla sombra _h[En línea] _cpor Diego Enrique Flores López. |
| 260 |
_aChapingo, Méx. : _bEl autor, _c2017. |
||
| 500 | _aPara ver el contenido del material haga clic en la liga | ||
| 502 | _aTesis (Ing. Mecánico Agrícola) -- UACH. Departamento de Ingeniería Mecánica Agrícola | ||
| 590 |
_aBATCH-UPD _b05 _c20171009 _lUCH01 _h1156 |
||
| 590 |
_aE11695DGD _b10 _c20171009 _lUCH01 _h1443 |
||
| 590 |
_aE6339RRR _b05 _c20171009 _lUCH01 _h1156 |
||
| 590 |
_aE6339RRR _b05 _c20171009 _lUCH01 _h1158 |
||
| 590 |
_aE6339RRR _b05 _c20171009 _lUCH01 _h1159 |
||
| 650 | 1 | 4 |
_aFresa _xCultivo _xInnovaciones tecnológicas. _9133707 |
| 650 | 1 | 4 |
_aFresa _xEfecto del medio ambiente. _943199 |
| 650 | 1 | 4 |
_aFresa _xRendimiento. _943232 |
| 650 | 1 | 4 |
_aSombra _xEfecto en fresa. _9133706 |
| 856 |
_aFinding aid _uhttp://10.13.5.2/tesis/sist113930.pdf _zTeclea aquí |
||
| 901 | _aBK | ||
| 942 | _cTESIS | ||
| 942 | _n0 | ||
| 999 |
_c110391 _d110391 |
||